| 000 | 00602nam a2200205 a 4500 | ||
|---|---|---|---|
| 001 | 51505 | ||
| 003 | BD-RjUL | ||
| 005 | 20211209075654.0 | ||
| 008 | 160831s1964 enk||||| |||| 00| 0 eng d | ||
| 035 | _a(BD-RjUL)51625 | ||
| 040 |
_aBD-RjUL _beng _cBD-RjUL |
||
| 041 | _aeng | ||
| 082 |
_a515.35 _bRAE 1964 |
||
| 100 |
_a Rainville, Earl D. _9152434 |
||
| 245 | 1 | 0 |
_aElementary differential equations / _cEarl D Rainville |
| 260 |
_aLondon ; _aNew York: _bMacmillan ; _bCollier-Macmillan, _cc1964 |
||
| 300 |
_axvi, 521 p.: _bill ; _c21 cm |
||
| 650 |
_aDifferential equations. _9153990 |
||
| 942 |
_2ddc _cBK |
||
| 999 |
_c51505 _d51505 |
||